20 Osnabrücker Sehenswürdigkeiten (Bilder-Quiz) - Statistiken

Allgemein
  • Dieses Quiz wurde 79 mal gespielt
  • Das Durchschnittsergebnis liegt bei 10 aus 20
Antwortstatistiken
Bildquiz Antwort % Korrekt
Bremer Brücke
91%
Historisches Rathaus
91%
Schloss Osnabrück
86%
Heger Tor
73%
Altstadt Marktplatz Treppengiebelhäuser
70%
Theater Osnabrück
70%
Botanischer Garten
61%
Varusschlacht
61%
Felix-Nussbaum-Haus
56%
Iduna Hochhaus
50%
St. Marien Kirche
48%
St. Katharinen Kirche
45%
Haarmannsbrunnen
39%
Steckenpferdreiten
38%
Ledenhof
31%
Bucksturm
17%
Hotel Walhalla
13%
Schinkelturm
11%
Schelenburg
8%
Solara
6%
Keine übereinstimmenden Quizze gefunden
Verteilung der Resultate
Anzahl Personen mit jedem Resultat
Perzentil nach korrekt beantworteten Fragen
Ihre Resultats-Entwicklung
Sie haben dieses Quiz noch nicht gespielt